A kiss for Little Bear / (Record no. 3034)

MARC details
000 -LEADER
fixed length control field 01035cam a2200313 i 4500
005 - DATE AND TIME OF LATEST TRANSACTION
control field 20240718084534.0
020 ## - INTERNATIONAL STANDARD BOOK NUMBER
International Standard Book Number 0590224298
040 ## - CATALOGING SOURCE
Original cataloging agency DLC
Language of cataloging eng
Description conventions rda
Transcribing agency DLC
Modifying agency DLC
050 00 - LIBRARY OF CONGRESS CALL NUMBER
Classification number PZ10.M628
082 00 - DEWEY DECIMAL CLASSIFICATION NUMBER
Classification number 400
100 1# - MAIN ENTRY--PERSONAL NAME
Personal name Minarik, Else Holmelund,
Relator term author.
245 12 - TITLE STATEMENT
Title A kiss for Little Bear /
Statement of responsibility, etc. by Else Holmelund Minarik ; pictures by Maurice Sendak.
260 ## - PUBLICATION, DISTRIBUTION, ETC.
Place of publication, distribution, etc. New York :
Name of publisher, distributor, etc. Scholastic ,
Date of publication, distribution, etc. 1968
300 ## - PHYSICAL DESCRIPTION
Extent 32 pages :
Other physical details color illustrations ;
Dimensions 23 cm .
490 ## - SERIES STATEMENT
Series statement Little Bear
500 ## - GENERAL NOTE
General note First edition.
505 ## - FORMATTED CONTENTS NOTE
Formatted contents note F <br/>
520 ## - SUMMARY, ETC.
Summary, etc. Little Bear's thank-you kiss from Grandmother gets passed on to him by many animals and greatly aids the skunks' romance.
521 ## - TARGET AUDIENCE NOTE
Target audience note 340 <br/>
Source Lexile <br/>
521 ## - TARGET AUDIENCE NOTE
Target audience note F <br/>
Source Raz-Plus <br/>
650 #1 - SUBJECT ADDED ENTRY--TOPICAL TERM
Topical term or geographic name entry element Kissing
Form subdivision Fiction.
650 #1 - SUBJECT ADDED ENTRY--TOPICAL TERM
Topical term or geographic name entry element Bears
Form subdivision Fiction.
650 #1 - SUBJECT ADDED ENTRY--TOPICAL TERM
Topical term or geographic name entry element Animals
Form subdivision Fiction.
655 #7 - INDEX TERM--GENRE/FORM
Genre/form data or focus term Juvenile literature
Chronological subdivision 1968.
Source of term rbgenr
700 1# - ADDED ENTRY--PERSONAL NAME
Personal name Sendak, Maurice
Relator term illustrator
906 ## - LOCAL DATA ELEMENT F, LDF (RLIN)
a 7
b cbc
c orignew
d 2
e ocip
f 19
g y-genrareb
942 ## - ADDED ENTRY ELEMENTS (KOHA)
Source of classification or shelving scheme Dewey Decimal Classification
Koha item type Books
Suppress in OPAC No
999 ## -
-- 3034
-- 3034
Holdings
Withdrawn status Lost status Source of classification or shelving scheme Damaged status Not for loan Collection Home library Current library Shelving location Date acquired Total Checkouts Full call number Barcode Date last seen Date last checked out Copy number Price effective from Koha item type
    Dewey Decimal Classification     Fiction Footprints International School Library Network Toul Kork Campus Footprints International School Library Network Toul Kork Campus   01/31/2024 1 MIN 400 PZ10.M628 FISTK02113 04/10/2025 04/03/2025 1 01/31/2024 Books
    Dewey Decimal Classification     Juvenile Fiction Footprints International School Library Network Toul Kork Campus Footprints International School Library Network Toul Kork Campus TK Primary Library Room(4th Floor), Bookcase 1&2, Shelves 1-16, Dark Blue Books 07/18/2024   MIN 400 PZ10.M628 FISBK02926 07/18/2024   2 07/18/2024 Books